000 01881nam a2200397 c 4500
003 BLK
005 20190117101003.0
008 180409b bul|||||r ||||||| ||bul||
010 _aKNG00100463000
020 _a954-90925-6-9
_bиздат.: Жар птица
040 _aBLK
041 _aBUL
_cBUL
080 _aНационалсоциализъм
_b321.64:329.18
_x(430)(042)
_z321.64:329.18(430)(042)
080 _aИстория на Германия
_b94(430)
_x(042)
_z94(430)(042)
100 1 _aГьобелс, Йозеф
_eпърви автор
_9306458
700 1 _aБеловеждова, М.
_eпрев. от нем.
_937880
700 1 _aПоппетров, Николай
_eпредг. от
_9306459
139 _aГьобелс, Йозеф
_bГ 97
245 1 0 _aПолитически речи
_cЙозеф Гьобелс; прев. от нем. М. Беловеждова; предг. от Николай Поппетров.
257 _aDEU
260 София
_bЖар птица
_c2001
_fСофия : П. Славейков
300 _a254 с.
_c20 см
380 _a3
500 _aОриг. загл. Die Zeit ohne Beispiel / Josef Geobbels. - Пълното име на прев. е Минка Беловеждова-Вюрцингер. - 1. изд. 1943 в Библ. Нова Европа. - Съдържа и Д-р Йозеф Гьобелс - личност и дело / Любомир Владикин.
650 4 _aФашизъм - Германия
_9243417
650 4 _aНационалсоциализъм - Германия
_9163821
650 4 _aГермания - история, нова
_9243416
653 _aфашизъм
653 _aнационалсоциализъм
653 _aГермания
852 _aЦб 210850
856 4 _qpdf
_u
856 4 _qpdf
_u
942 _cKNG
_n0
_01
944 _aCR
_c01.01.2001
_kЦветанка_Енчева
944 _aED
_c14.06.2004
_k
999 _c95603
_d95603